[Event "Vlissingen HZ op 22nd"]
[Site "Vlissingen"]
[Date "2018.08.10"]
[Round "8"]
[White "Muetsch, Annmarie"]
[Black "Osinga, Angelique"]
[Result "1-0"]
[WhiteElo "2239"]
[BlackElo "1937"]
[PlyCount "109"]
[EventDate "2018.08.04"]
[EventType "swiss"]
[EventRounds "9"]
[EventCountry "NED"]
[SourceTitle "CBM 185 Extra"]
[Source "ChessBase"]
[SourceDate "2018.07.29"]
[SourceVersion "1"]
[SourceVersionDate "2018.07.29"]
[SourceQuality "1"]

1. e4 e5 2. Nf3 Nc6 3. d4 exd4 4. Nxd4 Bc5 5. Nb3 Bb6 6. Nc3 Nf6 7. Qe2 d6 8. Be3 Be6 9. 0-0-0 Qe7 10. g3 0-0-0 11. Bg2 Rhe8 12. Bxb6 axb6 13. Rhe1 Ne5 14. h3 g5 15. Nd4 g4 16. Nxe6 Qxe6 17. hxg4 Qxg4 18. Qxg4+ Nexg4 19. Bh3 Kb8 20. Bxg4 Nxg4 21. Re2 Nf6 22. Rde1 c6 23. e5 dxe5 24. Rxe5 Kc7 25. Rxe8 Rxe8 26. Rxe8 Nxe8 27. Kd2 Nd6 28. b3 h5 29. Ke3 Nf5+ 30. Ke4 h4 31. gxh4 Nxh4 32. Ke5 Nf3+ 33. Kf6 Kd6 34. Kxf7 Ne1 35. f4 Nxc2 36. f5 Nd4 37. f6 Ne6 38. Ke8 Ke5 39. Ke7 Nf4 40. f7 Ng6+ 41. Ke8 b5 42. Ne2 c5 43. Nc3 b4 44. Na4 Kd4 45. Nb6 Kc3 46. Nc8 Kb2 47. Ne7 Nxe7 48. Kxe7 Kxa2 49. f8Q Kxb3 50. Qf3+ Kc4 51. Kd6 b6 52. Kc6 b3 53. Kxb6 b2 54. Qd1 Kc3 55. Kxc5 1-0

[Event "Vlissingen HZ op 22nd"]
[Site "Vlissingen"]
[Date "2018.08.08"]
[Round "6"]
[White "Bressy, Theo"]
[Black "Osinga, Angelique"]
[Result "0-1"]
[WhiteElo "2140"]
[BlackElo "1937"]
[PlyCount "116"]
[EventDate "2018.08.04"]
[EventType "swiss"]
[EventRounds "9"]
[EventCountry "NED"]
[SourceTitle "CBM 185 Extra"]
[Source "ChessBase"]
[SourceDate "2018.07.29"]
[SourceVersion "1"]
[SourceVersionDate "2018.07.29"]
[SourceQuality "1"]

1. Nf3 d5 2. g3 c6 3. Bg2 Nf6 4. 0-0 Bf5 5. d3 e6 6. Nh4 Bg6 7. Nxg6 hxg6 8. Nd2 Nbd7 9. e4 Qc7 10. Qe2 0-0-0 11. a3 Bc5 12. Nf3 dxe4 13. dxe4 Ne5 14. b4 Nxf3+ 15. Qxf3 Bd4 16. Rb1 e5 17. c3 Bb6 18. a4 Qd7 19. a5 Bc7 20. Bg5 Qd3 21. Rfd1 Qxf3 22. Bxf3 Rxd1+ 23. Rxd1 Rd8 24. Rxd8+ Bxd8 25. Be3 b6 26. a6 Kc7 27. Kf1 Be7 28. Ke1 c5 29. b5 Ne8 30. Be2 Nd6 31. f3 c4 32. Kd2 f5 33. f4 Nxe4+ 34. Kc2 exf4 35. Bxf4+ Bd6 36. Bxc4 Bxf4 37. gxf4 Kd6 38. h4 Kc5 39. Bf7 Kxb5 40. Bxg6 Nd6 41. Kd3 Kxa6 42. Kd4 Kb7 43. Kd5 Kc7 44. Bh5 b5 45. Ke6 a5 46. Bd1 a4 47. h5 Ne4 48. Kf7 a3 49. Bb3 Ng3 50. Kxg7 Nxh5+ 51. Kg6 Nxf4+ 52. Kxf5 Ne2 53. Ke4 Nc1 54. Bg8 Kc6 55. Kd4 a2 56. Bxa2 Nxa2 57. c4 b4 58. c5 b3 0-1

[Event "Brasschaat op 17th"]
[Site "Brasschaat"]
[Date "2017.08.20"]
[Round "2"]
[White "Osinga, Angelique"]
[Black "Dgebuadze, Alexandre"]
[Result "0-1"]
[WhiteElo "1895"]
[BlackElo "2515"]
[PlyCount "78"]
[EventDate "2017.08.19"]
[EventType "swiss"]
[EventRounds "9"]
[EventCountry "BEL"]
[SourceTitle "CBM 180 Extra"]
[Source "ChessBase"]
[SourceDate "2017.10.06"]
[SourceVersion "1"]
[SourceVersionDate "2017.10.06"]
[SourceQuality "1"]

1. e4 c6 2. d4 d5 3. Nc3 g6 4. Nf3 Bg7 5. e5 Nh6 6. Bf4 f6 7. Bd3 Nf7 8. exf6 exf6 9. 0-0 0-0 10. Re1 Nd7 11. Ne2 Nb6 12. Bg3 Bg4 13. Nf4 Ng5 14. Be2 Ne4 15. Nd2 Bxe2 16. Rxe2 Re8 17. f3 Nxg3 18. Rxe8+ Qxe8 19. hxg3 Qe3+ 20. Kf1 Qxd4 21. Qe2 Qe5 22. Re1 Re8 23. Nd3 Qxe2+ 24. Rxe2 Rxe2 25. Kxe2 Bf8 26. b3 Kf7 27. Ke3 Ke6 28. Kd4 Nd7 29. Nf4+ Kd6 30. c4 f5 31. cxd5 cxd5 32. Nd3 Bg7+ 33. Ke3 Nf6 34. Nb1 Nh5 35. Na3 a6 36. b4 Nxg3 37. b5 a5 38. Nc2 Nh5 39. Nd4 f4+ 0-1

[Event "Brasschaat op 15th"]
[Site "Brasschaat"]
[Date "2015.08.21"]
[Round "7"]
[White "Pattyn, Luc"]
[Black "Osinga, Angelique"]
[Result "1/2-1/2"]
[WhiteElo "1665"]
[BlackElo "1910"]
[PlyCount "88"]
[EventDate "2015.08.15"]
[EventType "swiss"]
[EventRounds "9"]
[EventCountry "BEL"]
[SourceTitle "EXT 2017"]
[Source "ChessBase"]
[SourceDate "2016.10.25"]
[SourceVersion "1"]
[SourceVersionDate "2016.10.25"]
[SourceQuality "1"]

1. d4 Nf6 2. Bg5 d5 3. Bxf6 exf6 4. e3 Be6 5. Nf3 c5 6. Bb5+ Nc6 7. dxc5 Bxc5 8. 0-0 0-0 9. Bxc6 bxc6 10. Nd4 Qc7 11. Nd2 Rab8 12. Rb1 Bd6 13. h3 c5 14. Nxe6 fxe6 15. c4 Rfd8 16. cxd5 exd5 17. Qg4 Qd7 18. Qxd7 Rxd7 19. b3 Kf7 20. Rfd1 f5 21. Kf1 Ke6 22. Nf3 h6 23. Rbc1 Rc8 24. Nd4+ Kf6 25. Rc2 Rb8 26. Ne2 Ke6 27. Nc3 Be7 28. Na4 Rc8 29. Nb2 g5 30. Rcd2 Bf6 31. Na4 Be7 32. Rc2 Ke5 33. Nb2 Rdc7 34. Rcd2 Rd8 35. Rc2 Ke6 36. Rcd2 Rc6 37. Na4 Bf6 38. Rc2 Rdc8 39. Rcd2 Rd8 40. Rc2 Kd6 41. Rcd2 Ke6 42. Rc2 Be7 43. Nb2 Ra6 44. Nd3 Rc6 1/2-1/2

[Event "NED-ch U21"]
[Site "Rotterdam"]
[Date "2014.05.04"]
[Round "9"]
[White "Osinga, Angelique"]
[Black "Dubbeldam, Mathijs"]
[Result "1-0"]
[WhiteElo "1858"]
[BlackElo "1364"]
[PlyCount "115"]
[EventDate "2014.04.26"]
[EventType "swiss"]
[EventRounds "9"]
[EventCountry "NED"]
[SourceTitle "EXT 2016"]
[Source "ChessBase"]
[SourceDate "2015.10.08"]
[SourceVersion "1"]
[SourceVersionDate "2015.10.08"]
[SourceQuality "1"]

1. e4 e6 2. d4 b6 3. Nf3 Bb7 4. Bd3 c5 5. c3 cxd4 6. cxd4 Bb4+ 7. Nc3 Ne7 8. 0-0 0-0 9. Bg5 f6 10. Bf4 Ng6 11. Bg3 Bxc3 12. bxc3 Nc6 13. Re1 Rc8 14. Bd6 Rf7 15. Rc1 Kh8 16. Qd2 h6 17. c4 f5 18. e5 Nh4 19. Be2 Na5 20. Qd3 Ba6 21. Nxh4 Qxh4 22. Qg3 Qxg3 23. hxg3 Nxc4 24. Bb4 b5 25. Bh5 g6 26. Bxg6 Rg7 27. Bh5 Bb7 28. Bc5 a6 29. Be2 Bd5 30. a4 Bc6 31. axb5 axb5 32. Bf3 Bxf3 33. gxf3 Nd2 34. Kg2 Nb3 35. Rc3 Nxc5 36. dxc5 Rgg8 37. Rb1 Rb8 38. Rcb3 b4 39. Rxb4 Rxb4 40. Rxb4 Rc8 41. Rb5 Kg7 42. f4 Kg6 43. Kf3 Kh5 44. Kg2 Rc7 45. f3 Rc6 46. Kf2 Kg6 47. Ke3 Kf7 48. Kd4 h5 49. Rb7 Ke7 50. Kc4 Kd8 51. Kb5 Kc8 52. Ra7 Kd8 53. Ra8+ Rc8 54. Rxc8+ Kxc8 55. Kb6 Kd8 56. Kb7 Ke7 57. c6 dxc6 58. Kxc6 1-0

[Event "NED-ch U21"]
[Site "Rotterdam"]
[Date "2014.04.28"]
[Round "3"]
[White "Osinga, Angelique"]
[Black "Van Overdam, Julian"]
[Result "0-1"]
[WhiteElo "1858"]
[BlackElo "2325"]
[PlyCount "62"]
[EventDate "2014.04.26"]
[EventType "swiss"]
[EventRounds "9"]
[EventCountry "NED"]
[SourceTitle "EXT 2016"]
[Source "ChessBase"]
[SourceDate "2015.10.08"]
[SourceVersion "1"]
[SourceVersionDate "2015.10.08"]
[SourceQuality "1"]

1. e4 c5 2. c3 g6 3. d4 cxd4 4. cxd4 d5 5. exd5 Nf6 6. Nc3 Bg7 7. Nf3 0-0 8. Bc4 Nbd7 9. 0-0 Nb6 10. Bb3 Nbxd5 11. Re1 Re8 12. Bg5 Nxc3 13. bxc3 h6 14. Ne5 e6 15. Bh4 g5 16. Bg3 Nd5 17. Qh5 Rf8 18. Ng4 Kh7 19. Bxd5 exd5 20. f4 Bf5 21. fxg5 Qxg5 22. Qxg5 hxg5 23. Ne5 Rac8 24. Rf1 Be6 25. Rac1 b6 26. Nd3 Rxc3 27. Rxc3 Bxd4+ 28. Kh1 Bxc3 29. Rc1 d4 30. a3 Bf5 31. Rd1 Re8 0-1

[Event "NED-ch U20 Girls"]
[Site "Haarlem"]
[Date "2012.05.01"]
[Round "4"]
[White "Kazarian, Anna Maja"]
[Black "Osinga, Angelique"]
[Result "1-0"]
[WhiteElo "1968"]
[BlackElo "1676"]
[PlyCount "141"]
[EventDate "2012.04.28"]
[EventType "tourn"]
[EventRounds "9"]
[EventCountry "NED"]
[SourceTitle "EXT 2013"]
[Source "ChessBase"]
[SourceDate "2012.11.22"]
[SourceVersion "1"]
[SourceVersionDate "2012.11.22"]
[SourceQuality "1"]

1. e4 e5 2. Nf3 Nc6 3. Bb5 a6 4. Ba4 Nf6 5. 0-0 b5 6. Bb3 Be7 7. Re1 0-0 8. h3 d6 9. c3 h6 10. d3 Bd7 11. Nbd2 Nh7 12. Nf1 Ng5 13. Bd5 Rb8 14. b4 Na7 15. Bb3 Kh8 16. Nxg5 Bxg5 17. Qh5 g6 18. Bxg5 Qxg5 19. Qxg5 hxg5 20. Ne3 c6 21. Rad1 Rbd8 22. d4 Kg7 23. Rd2 Be6 24. Bxe6 fxe6 25. dxe5 d5 26. exd5 cxd5 27. Nc2 Rc8 28. Nd4 Rfe8 29. Re3 Nc6 30. Nb3 Ne7 31. g4 Nc6 32. a3 Ra8 33. Nc5 a5 34. Nb7 axb4 35. axb4 Rf8 36. Nd6 Rab8 37. Ra2 Rf4 38. Ra6 Ne7 39. Ra7 Kf8 40. Kg2 Nc6 41. Rc7 Rb6 42. Re2 Nxe5 43. Nc8 Rc6 44. Rxc6 Nxc6 45. Rxe6 Rc4 46. Nd6 Rxc3 47. Rxg6 Nxb4 48. Nxb5 Rc5 49. Nd4 Rc4 50. Nf3 d4 51. Rxg5 d3 52. Rb5 Ke7 53. Nd2 Rd4 54. Re5+ Kf6 55. Rf5+ Kg6 56. Kg3 Rd6 57. h4 Nc2 58. h5+ Kg7 59. g5 Nd4 60. Ra5 Ne2+ 61. Kf3 Rd7 62. Ke3 Re7+ 63. Kxd3 Nf4+ 64. Kd4 Nxh5 65. Ne4 Nf4 66. Rf5 Rd7+ 67. Ke3 Ne6 68. f4 Ra7 69. Nd6 Rd7 70. Ne8+ Kh8 71. Re5 1-0

[Event "NED-ch U17 Girls"]
[Site "Haarlem"]
[Date "2011.05.07"]
[Round "8"]
[White "Sekandar, Nilofar"]
[Black "Osinga, Angelique"]
[Result "1/2-1/2"]
[WhiteElo "1601"]
[BlackElo "1600"]
[PlyCount "52"]
[EventDate "2011.04.30"]
[EventType "swiss"]
[EventRounds "9"]
[EventCountry "NED"]
[SourceTitle "EXT 2012"]
[Source "ChessBase"]
[SourceDate "2011.11.24"]
[SourceVersion "1"]
[SourceVersionDate "2011.11.24"]
[SourceQuality "1"]

1. e4 e5 2. Nf3 Nc6 3. Bc4 Bc5 4. d3 h6 5. h3 Nf6 6. Nc3 d6 7. Qe2 0-0 8. 0-0 Bd7 9. a3 Qc8 10. Kh2 Be6 11. Ba2 Bxa2 12. Rxa2 a6 13. b4 Ba7 14. Nd1 Kh7 15. Ne3 Qe6 16. c3 Ne7 17. Rb2 b5 18. Nh4 g6 19. Qd2 Nfg8 20. Ng4 g5 21. Nf3 f6 22. Re1 c5 23. Rc2 Rad8 24. Bb2 Ng6 25. Ne3 N8e7 26. Nf1 Nf4 1/2-1/2

[Event "NED-ch U17 Girls"]
[Site "Haarlem"]
[Date "2011.05.03"]
[Round "4"]
[White "Osinga, Angelique"]
[Black "Ratsma, Rosa"]
[Result "1/2-1/2"]
[WhiteElo "1600"]
[BlackElo "1726"]
[PlyCount "131"]
[EventDate "2011.04.30"]
[EventType "swiss"]
[EventRounds "9"]
[EventCountry "NED"]
[SourceTitle "EXT 2012"]
[Source "ChessBase"]
[SourceDate "2011.11.24"]
[SourceVersion "1"]
[SourceVersionDate "2011.11.24"]
[SourceQuality "1"]

1. e4 c5 2. c3 d5 3. exd5 Qxd5 4. d4 Nf6 5. Nf3 Nc6 6. Be2 e6 7. h3 cxd4 8. cxd4 Bb4+ 9. Nc3 Bxc3+ 10. bxc3 Qa5 11. Bd2 Ne4 12. Qc2 Nxd2 13. Nxd2 Bd7 14. Nb3 Qc7 15. Bf3 Rc8 16. Rc1 0-0 17. 0-0 Ne7 18. Qd2 Bc6 19. Bxc6 Qxc6 20. Qb2 b6 21. c4 Ng6 22. Qd2 Rfd8 23. f4 Ne7 24. Qf2 Qe4 25. Qf3 Qg6 26. Rfd1 Rc7 27. Rc3 Rdc8 28. Rdc1 Qf6 29. g4 h6 30. Qe3 a6 31. Nd2 Ng6 32. Rf1 Rd8 33. Rd3 Rcd7 34. Ne4 Qe7 35. Rfd1 Qb4 36. f5 Nf8 37. fxe6 Nxe6 38. d5 Qxc4 39. Rc1 Qb5 40. Nc3 Qc5 41. Rb1 Nf4 42. Qxc5 bxc5 43. Rf3 Nxd5 44. Ne4 c4 45. Re1 Nb6 46. Nc5 Rd1 47. Rxd1 Rxd1+ 48. Rf1 Rxf1+ 49. Kxf1 a5 50. Ke1 f6 51. Kd2 Kf7 52. Kc3 Ke7 53. Nb7 Ke6 54. Kd4 h5 55. Nxa5 hxg4 56. hxg4 c3 57. Kxc3 Kd5 58. Kd3 Nd7 59. Ke3 g5 60. Kf3 Ne5+ 61. Kg3 Kc5 62. Nb3+ Kb4 63. Nd2 Ka3 64. Ne4 Kxa2 65. Nxf6 Kb3 66. Ne4 1/2-1/2

[Event "NED-ch U15 Girls"]
[Site "Venlo"]
[Date "2009.05.01"]
[Round "8"]
[White "Osinga, Angelique"]
[Black "Dalemans, Diana"]
[Result "0-1"]
[WhiteElo "1558"]
[BlackElo "1850"]
[PlyCount "90"]
[EventDate "2009.04.24"]
[EventType "swiss"]
[EventRounds "9"]
[EventCountry "NED"]
[SourceTitle "EXT 2013"]
[Source "ChessBase"]
[SourceDate "2012.11.22"]
[SourceVersion "1"]
[SourceVersionDate "2012.11.22"]
[SourceQuality "1"]

1. e4 d5 2. exd5 Qxd5 3. Nc3 Qa5 4. Nf3 Nf6 5. d3 c6 6. Bd2 Qc7 7. Be2 e6 8. Ne4 Nbd7 9. Bc3 Be7 10. Qd2 Nxe4 11. dxe4 Nf6 12. Qg5 Rg8 13. Bd3 h6 14. Qe5 Qxe5 15. Nxe5 Nd7 16. Nxd7 Bxd7 17. 0-0-0 0-0-0 18. Rd2 Bg5 19. g3 Bxd2+ 20. Bxd2 g5 21. Bc3 f5 22. Bf6 Rdf8 23. e5 Rg6 24. Be2 Rgxf6 25. exf6 Rxf6 26. Rf1 f4 27. Kd2 e5 28. Kd3 Bf5+ 29. Kd2 Kd7 30. Rd1 Rd6+ 31. Kc3 Rxd1 32. Bxd1 Kd6 33. g4 Bg6 34. f3 e4 35. fxe4 Bxe4 36. Be2 Ke5 37. Kd2 f3 38. Bf1 Kf4 39. h3 f2 40. Ke2 Kg3 41. c3 Bf3+ 42. Ke3 Bg2 43. Ke2 Bxf1+ 44. Kxf1 Kxh3 45. Kxf2 Kxg4 0-1

[Event "NED-ch U15 Girls"]
[Site "Venlo"]
[Date "2009.04.27"]
[Round "4"]
[White "Osinga, Angelique"]
[Black "Bitalzadeh, Mahsa"]
[Result "1-0"]
[WhiteElo "1558"]
[BlackElo "1743"]
[PlyCount "65"]
[EventDate "2009.04.24"]
[EventType "swiss"]
[EventRounds "9"]
[EventCountry "NED"]
[SourceTitle "EXT 2013"]
[Source "ChessBase"]
[SourceDate "2012.11.22"]
[SourceVersion "1"]
[SourceVersionDate "2012.11.22"]
[SourceQuality "1"]

1. e4 c5 2. c3 g6 3. d4 cxd4 4. cxd4 d5 5. e5 Nc6 6. Nc3 Nh6 7. Bb5 Bg7 8. h3 0-0 9. Nf3 f6 10. 0-0 fxe5 11. dxe5 e6 12. Bg5 Qc7 13. Bxc6 bxc6 14. Rc1 Ba6 15. Re1 Nf7 16. Bf4 Nd8 17. Bg3 Qd7 18. Na4 Nb7 19. Nd4 Rac8 20. Nb3 Qe7 21. Qd4 Bc4 22. Nac5 Bxb3 23. Nxb3 c5 24. Qa4 Ra8 25. Rc2 Rfc8 26. Rec1 Bf8 27. Bh4 Qc7 28. Bf6 c4 29. Nd4 Qb6 30. Nf3 Bb4 31. a3 Nc5 32. Qxb4 Nd3 33. Qxb6 1-0